| 000 | 00770nam a2200205Ii 4500 | ||
|---|---|---|---|
| 003 | JO-AjNU | ||
| 008 | 230605s9999||||xx |||||||||||||| ||und|| | ||
| 017 | _a1978/5314 | ||
| 040 |
_aJO-AjNU _bara _erda _cJO-AjNU |
||
| 041 | _aara | ||
| 050 | 1 | 4 | _aHF5415.B2.1983 |
| 100 | 3 |
_aبازرعه،محمود صادق, _eauthor _916862 |
|
| 245 | 0 | 0 | _aبحوث التسويق للتخطيط والرقاية واتخاذ القرارات التسويقية |
| 264 | 3 | 1 | _aالقاهرة:دار النهضة العربية؛1983 |
| 300 |
_a517ص _bيحتوي على ببلوغرافية من ص501-517ص |
||
| 336 |
_atext _btxt _2rdacontent |
||
| 337 |
_aunmediated _bn _2rdamedia |
||
| 338 |
_avolume _bnc _2rdacarrier |
||
| 650 | 4 |
_aالتسويق-تخطيط ورقابة _916863 |
|
| 999 |
_aA5091 _c8659 _d8659 |
||